Statistics for Important cities in Honduras

Click here to take the quiz!

General Stats

  • This quiz has been taken 32 times
  • The average score is 3 of 6

Answer Stats

Reason for being important Country City % Correct
CapitalHondurasTegucigalpa
100%
2nd Largest CityHondurasSan Pedro Sula
75%
4th Largest city/Atlantic PortHondurasLa Ceiba
38%
Pacific portHondurasSan Lorenzo
38%
3rd Largest cityHondurasCholoma
25%
5th Largest cityHondurasEl Progreso
0%

Score Distribution

Percentile by Number Answered

Percent of People with Each Score

Your Score History

You have not taken this quiz